000 00620nam a2200217 a 4500
008 951123s1983||||[C 0 slo c
020 _c12 Kčs.
_q(2500 výtl.)
040 _aSNK
_bslo
_cSNK
_eAACR2
041 1 _aslo
_hslo
044 _axo
_cSK
080 _a885.4-3
100 1 _aDušek, Dušan
_4aut
245 1 0 _aKalendár
_cDušan Dušek ; Dušan Nágel
250 _a1., vyd.
260 _aBratislava
_bSlovenský spisovateľ
_c1983
_eŽilina
_fPravda
300 _a111 s., 5,82 AH
_c21 cm
490 0 _aNová próza
500 _aIlustr. na front. a predsádke.
700 1 _aNágel, Dušan
_4bkd
958 _aA
999 _c10292
_d10292